00301nam a22000977a 4500008004100000020001500041082002100056245008100077260003400158300001100192230629b xxu||||| |||| 00| 0 eng d a9987666256 a346.06bEAC 2003 a14th Meeting of the Permanent Tripartite CommissionbReport of the Commision aArushabEAC Secretariatc2003 aII,38p